| 000 | 00633nam a22002057a 4500 | ||
|---|---|---|---|
| 003 | BUBTL | ||
| 008 | 200114b xxu||||| |||| 00| 0 eng d | ||
| 020 | _a978-1-4302-3777-8 | ||
| 082 | _a005.133/EV157b | ||
| 100 |
_aEvans, Brian _92916 |
||
| 245 |
_aBeginning Arduino Programming / Writing Code for the Most Popular Microcontroller Board in the World _bBrian Evans |
||
| 250 | _a1st | ||
| 260 |
_aNew York _bApress _cc2011 |
||
| 300 |
_axx , 252p . : _bill . ; (Photocopy) _c24cm. |
||
| 500 | _aIncludes Index | ||
| 650 |
_aE E E _92917 |
||
| 856 |
_k0 _l0 _yDownload |
||
| 942 |
_2ddc _cBK |
||
| 999 |
_c6234 _d6234 |
||